Scared To Be Lonely - Martin Garrix & Dua Lipa (All Lyrics) - Statistics

General Stats
  • This quiz has been taken 374 times
    319 since last reset
  • The average score is 232 of 295
Answer Stats
Scared To Be Lonely % Correct
be
98%
I
98%
to
98%
scared
97%
Scared
97%
lonely?
96%
lonely
96%
we
94%
Chorus Is
92%
Verse 1 It
92%
it
92%
the
92%
on
91%
on?
91%
we're
91%
Where
91%
just
90%
Cause
89%
cause
89%
me
87%
reason
86%
tonight
86%
Do
85%
only
85%
Are
84%
holding
84%
Holding
84%
our
84%
was
81%
both
80%
somebody
80%
you're
80%
losing
78%
and
77%
And
77%
for
77%
minds?
77%
very
76%
bodies?
75%
Hands
74%
need
74%
feel
73%
Pre-Chorus Now
73%
other
73%
why
73%
Why
73%
alright?
72%
at
72%
each
72%
great
72%
keep
71%
like
71%
start
71%
all
70%
Pre-Chorus All
70%
doors
70%
slamming
70%
back
69%
better
67%
more
67%
apart
66%
coming
66%
wonder
65%
far
64%
fights
64%
what
64%
Couldn't
63%
picking
62%
Closer
60%
It's
58%
it's
58%
stand
58%
us
57%
how
54%
of
53%
Verse 2 Too
52%
real?
50%
flaws
49%
when
49%
know
48%
Magnifying
48%
time
47%
up
45%
Bridge Even
44%
much
44%
track
44%
messed
42%
wrong
38%
feels
36%
Forgot
36%
can
35%
out
35%
Tell
35%
along
33%
touch
31%
Undefined
23%
Been
16%
spiralling
15%
No matching quizzes found
Score Distribution
Percent of People with Each Score
Percentile by Number Answered
Your Score History
You have not taken this quiz since the last reset